Pla de futur de l'Escola Universitària d'Enginyeria Tècnica en Teixits de Punt de Canet de Mar : treballs per al Pla Estratègic de l'Escola i dades del sector en gènere de punt treballs per al Pla Estratègic de l'Escola i dades del sector en gènere de punt

Descripció física: [36] f. i un desplegable dins una carpeta ; 30 cm

MARC

LEADER 00000nam a2200000Ia 4500
001 12538
008 160829s1997 xx 000 0 cat d
080 |a FU-29-17 
110 2 |a Escola Universitària d'Enginyeria Tècnica en Teixits de Punt (Canet de Mar)  |9 54348 
245 |a Pla de futur de l'Escola Universitària d'Enginyeria Tècnica en Teixits de Punt de Canet de Mar :  |b  treballs per al Pla Estratègic de l'Escola i dades del sector en gènere de punt 
260 |a Barcelona :  |b Diputació de Barcelona. Àrea d'Educació; Canet de Mar :  |b E. U. d'E.T. en Teixits de Punt, adscrita a la UPC,  |c 1997 
300 |a [36] f. i un desplegable dins una carpeta ;  |c 30 cm 
590 |a A sota el títol: 'Commemoració del 75è aniversari, octubre, 1997' 
650 |a Escola Universitària d'Enginyeria Tècnica en Teixits de Punt (Canet de Mar) 
710 |a Barcelona (Catalunya : Província).  |b Àrea d'Educació  |9 8009 
901 |a Arxiu 
942 |n 1 
952 |0 0  |1 0  |4 0  |6 FU2917  |7 1  |9 41835  |a Arxiu  |b Arxiu  |d 2016-12-01  |l 0  |o FU-29-17  |p 12538  |r 2016-12-01 00:00:00  |w 2016-12-01  |y ARXIU 
999 |c 44207  |d 44207